[Event "XIX Moglianoscacchi Magistrale"]
[Site "Mogliano Veneto ITA"]
[Date "1998.??.??"]
[Round "2"]
[White "Gallo, Enrico"]
[Black "Mufic, Goran"]
[Result "0-1"]
[WhiteElo "2195"]
[BlackElo "2345"]
[PlyCount "78"]
[EventDate "1998.??.??"]

1. e4 c5 2. Nf3 Nc6 3. d4 cxd4 4. Nxd4 d5 5. Bb5 dxe4 6. Nxc6 Qxd1+ 7. Kxd1 a6
8. Nc3 axb5 9. Nxb5 Bg4+ 10. Ke1 Rc8 11. Ne5 Bh5 12. Na3 e6 13. g4 Bxa3 14.
bxa3 Bg6 15. Rb1 Rxc2 16. Be3 f6 17. Nxg6 hxg6 18. Rxb7 Ne7 19. Kd1 Rc6 20. h4
Kf7 21. Rh3 e5 22. h5 gxh5 23. gxh5 Ke6 24. Rb6 Rd8+ 25. Ke1 Rd3 26. Rxc6+ Nxc6
27. Rg3 Rxa3 28. Rxg7 Rxa2 29. h6 Ra1+ 30. Kd2 Rh1 31. h7 Nd4 32. Ra7 Kf5 33.
Rg7 Ne6 34. Rf7 Kg6 35. Re7 Ng7 36. Bc5 Rxh7 37. Ra7 Rh3 38. Ra6 Kf5 39. Ke2
Ne6 0-1

[Event "XIX Moglianoscacchi Magistrale"]
[Site "Mogliano Veneto ITA"]
[Date "1998.??.??"]
[Round "2"]
[White "Negro, Roberto"]
[Black "Bracaglia, Carlo"]
[Result "1-0"]
[WhiteElo "2148"]
[BlackElo "2120"]
[PlyCount "65"]
[EventDate "1998.??.??"]

1. d4 Nf6 2. c4 e6 3. Nc3 Bb4 4. e3 b6 5. Bd3 Bb7 6. f3 d5 7. cxd5 exd5 8. Qa4+
Nc6 9. Bb5 Bxc3+ 10. bxc3 Qd7 11. Ne2 a6 12. Bd3 O-O 13. Qc2 Rfe8 14. O-O Na5
15. Ng3 c5 16. Qf2 Rad8 17. Rb1 cxd4 18. cxd4 b5 19. Rb2 Nc4 20. Re2 a5 21. Bf5
Qc7 22. e4 Nd7 23. Nh5 Nf8 24. e5 Qb6 25. Bg5 Ra8 26. Rd1 h6 27. Bc1 Bc8 28.
Qg3 Ng6 29. e6 Bxe6 30. Bxg6 Bg4 31. Rxe8+ Rxe8 32. Bxf7+ Kxf7 33. Qxg4 1-0

[Event "XIX Moglianoscacchi Magistrale"]
[Site "Mogliano Veneto ITA"]
[Date "1998.??.??"]
[Round "5"]
[White "Pastres, Roberto"]
[Black "Klundt, Klaus"]
[Result "1/2-1/2"]
[WhiteElo "2195"]
[BlackElo "2375"]
[PlyCount "67"]
[EventDate "1998.??.??"]

1. Nf3 Nf6 2. c4 g6 3. Nc3 Bg7 4. e4 d6 5. d4 O-O 6. Be2 e5 7. d5 a5 8. Bg5 h6
9. Bh4 Na6 10. Nd2 Qe8 11. Rb1 Bd7 12. b3 Nh7 13. f3 f5 14. a3 Nf6 15. b4 axb4
16. axb4 Nh5 17. O-O Nf4 18. Bf2 Qe7 19. Kh1 h5 20. Re1 Nxe2 21. Qxe2 Bh6 22.
exf5 gxf5 23. c5 dxc5 24. bxc5 Nxc5 25. Nc4 Bg7 26. Bd4 Ne4 27. d6 Nxd6 28.
Nxe5 Bc6 29. f4 Qh4 30. Ng6 Qg4 31. Qxg4 fxg4 32. Bxg7 Kxg7 33. Nxf8 Rxf8 34.
Re5 1/2-1/2

[Event "XIX Moglianoscacchi Magistrale"]
[Site "Mogliano Veneto ITA"]
[Date "1998.??.??"]
[Round "5"]
[White "Solinas, Carlo"]
[Black "Caruso, Augusto"]
[Result "0-1"]
[WhiteElo "2160"]
[BlackElo "2275"]
[PlyCount "50"]
[EventDate "1998.??.??"]

1. e4 c6 2. Nc3 d6 3. d4 Nf6 4. f4 Qa5 5. e5 Ne4 6. Qf3 d5 7. Bd3 Na6 8. Bxa6
bxa6 9. Nge2 Nxc3 10. Bd2 Bf5 11. Bxc3 Qb5 12. a4 Qb6 13. Ng3 Bxc2 14. Kd2 Bb3
15. e6 fxe6 16. Qe3 c5 17. dxc5 d4 18. Bxd4 Qb7 19. Rhc1 O-O-O 20. Kc3 a5 21.
Kd3 g5 22. c6 Qa6+ 23. Kd2 Qb6 24. Ne2 Bg7 25. Kc3 Qb4+ 0-1

[Event "XIX Moglianoscacchi Magistrale"]
[Site "Mogliano Veneto ITA"]
[Date "1998.??.??"]
[Round "6"]
[White "Negro, Roberto"]
[Black "Ciampi, Vincenzo"]
[Result "0-1"]
[WhiteElo "2148"]
[BlackElo "2155"]
[PlyCount "80"]
[EventDate "1998.??.??"]

1. d4 g6 2. c4 Bg7 3. Nc3 d6 4. d5 e5 5. e4 f5 6. h4 Nf6 7. h5 O-O 8. hxg6 hxg6
9. exf5 Bxf5 10. Nf3 Ng4 11. Bg5 Bf6 12. Qd2 e4 13. Bxf6 Qxf6 14. Nd4 Nd7 15.
O-O-O a6 16. Qf4 Qe5 17. Qxe5 Ndxe5 18. Nxf5 gxf5 19. Rd2 Kg7 20. Rg1 Kf6 21.
b3 Rh8 22. Nd1 Rag8 23. Rc2 Nh2 24. Be2 Nhf3 25. Bxf3 Nxf3 26. Rf1 Rxg2 27. c5
Rgg8 28. b4 f4 29. Rc4 Kf5 30. Nc3 Re8 31. cxd6 cxd6 32. Kd1 b5 33. Rc6 Rc8 34.
a4 Nd4 35. axb5 axb5 36. Rxc8 Rxc8 37. Nb1 Nb3 38. Re1 Rc1+ 39. Ke2 f3+ 40. Kf1
Rxb1 0-1

[Event "C.to Regionale Lazio"]
[Site "Roma ITA"]
[Date "1998.??.??"]
[Round "1"]
[White "Ferri, Stefano"]
[Black "De Carolis, Massimo"]
[Result "0-1"]
[WhiteElo "1930"]
[BlackElo "1705"]
[PlyCount "84"]
[EventDate "1998.??.??"]

1. e4 e6 2. d3 c5 3. g3 Nc6 4. Nf3 d6 5. Bg2 Be7 6. O-O Nf6 7. Re1 e5 8. c3 Bg4
9. Be3 Qd7 10. Qc2 Rc8 11. Nbd2 O-O 12. Rac1 Kh8 13. h4 Bh5 14. Nf1 Ng4 15.
N3h2 Nxh2 16. Nxh2 Bg6 17. Qd2 f5 18. Bh3 Qd8 19. h5 Bxh5 20. Bxf5 Rc7 21. Kg2
Qe8 22. Rh1 Bg6 23. Bh3 Qf7 24. b3 d5 25. f3 Rd8 26. Qe2 d4 27. Bd2 dxc3 28.
Bxc3 Nd4 29. Qe3 Rc6 30. Rcf1 Rcd6 31. f4 Nc2 32. Qc1 Rxd3 33. f5 Rxc3 34. fxg6
Qxg6 35. Rf3 Ne3+ 36. Qxe3 Rxe3 37. Rxe3 Rd2+ 38. Kg1 c4 39. Bf5 Qg5 40. Rf3
Bc5+ 41. Kf1 Rd1+ 42. Kg2 Qd2+ 0-1

[Event "C.to Regionale Lazio"]
[Site "Roma ITA"]
[Date "1998.??.??"]
[Round "1"]
[White "Iatrino, Vincenzo"]
[Black "Ciotoli, Patrizio"]
[Result "0-1"]
[WhiteElo "1740"]
[BlackElo "1914"]
[PlyCount "109"]
[EventDate "1998.??.??"]

1. e4 d5 2. exd5 Qxd5 3. Nc3 Qa5 4. Nf3 Nf6 5. h3 Bf5 6. Bc4 e6 7. O-O c6 8. d3
Be7 9. Bd2 Qc7 10. Qe2 O-O 11. Nh4 Bg6 12. Nxg6 hxg6 13. Ne4 Nxe4 14. Qxe4 Nd7
15. Rfe1 Nf6 16. Qf3 a5 17. a4 Nd5 18. c3 Rfd8 19. g3 Qd7 20. d4 Nf6 21. Bg5
Nd5 22. Bxe7 Qxe7 23. h4 Qf6 24. Qe4 Qf5 25. Kg2 Qxe4+ 26. Rxe4 Rdb8 27. Re5
Kf8 28. Rae1 Nb6 29. Bb3 Nd7 30. R5e2 Ra6 31. Bc2 b5 32. axb5 cxb5 33. Bd3 Rd6
34. Be4 Nb6 35. f4 b4 36. Rd1 bxc3 37. bxc3 Rc8 38. Rc2 Nc4 39. Kf2 Na3 40.
Rcc1 Nb5 41. c4 Nxd4 42. c5 Rdd8 43. c6 Ke7 44. c7 Rd7 45. Rxd4 Rxd4 46. Bb7
Kd7 47. Bxc8+ Kxc8 48. Ke3 Rb4 49. Rc5 a4 50. g4 a3 51. Ra5 Rb3+ 52. Kd2 Kxc7
53. Kc2 Rb2+ 54. Kc3 Rf2 55. Ra4 0-1

[Event "C.to Regionale Lazio"]
[Site "Roma ITA"]
[Date "1998.??.??"]
[Round "1"]
[White "Lavieri, Doriano"]
[Black "De Luca, Stefano"]
[Result "0-1"]
[WhiteElo "1903"]
[BlackElo "1600"]
[PlyCount "80"]
[EventDate "1998.??.??"]

1. d4 Nf6 2. c4 c5 3. Nf3 cxd4 4. Nxd4 Nc6 5. Nc3 g6 6. g3 Bg7 7. Bg2 O-O 8.
O-O Ng4 9. e3 Nh6 10. b3 Nxd4 11. exd4 Nf5 12. Ne2 Qb6 13. Bb2 e6 14. Qd3 d6
15. Rfd1 Rd8 16. Rac1 Bd7 17. Qb1 Rac8 18. Rd3 d5 19. c5 Qa6 20. a4 b5 21. cxb6
Qxb6 22. g4 Nd6 23. Ba3 Nb7 24. h3 Bf8 25. Bxf8 Rxf8 26. Rdd1 Qb4 27. Qd3 Rxc1
28. Rxc1 Qb6 29. Rc3 Rb8 30. Qg3 Nd6 31. a5 Qa6 32. Rc7 Be8 33. Kh2 Rd8 34. Qh4
Rc8 35. Rxc8 Qxc8 36. Qe7 Qd7 37. Qf6 Nb7 38. h4 Qd8 39. Qxd8 Nxd8 40. Kg3 Nb7
0-1

[Event "C.to Regionale Lazio"]
[Site "Roma ITA"]
[Date "1998.??.??"]
[Round "1"]
[White "Marta, Daniele"]
[Black "Verrascina, Nicola"]
[Result "1/2-1/2"]
[WhiteElo "1888"]
[BlackElo "2145"]
[PlyCount "53"]
[EventDate "1998.??.??"]

1. d4 Nc6 2. Nf3 d5 3. c4 Bg4 4. e3 e6 5. Bd2 Nf6 6. Qb3 dxc4 7. Qxb7 Bxf3 8.
gxf3 Ne7 9. Bxc4 Rb8 10. Bb5+ Nd7 11. Bxd7+ Kxd7 12. Qxa7 Rxb2 13. Nc3 Nc6 14.
Qa4 Qb8 15. d5 exd5 16. Nxd5 Rb1+ 17. Ke2 Rb2 18. Rac1 Qb7 19. Rhd1 Bd6 20.
Qg4+ Kd8 21. Qxg7 Re8 22. Rxc6 Qb5+ 23. Ke1 Qxc6 24. Qxb2 Qxd5 25. Qf6+ Kc8 26.
Rc1 Rg8 27. Ke2 {...} 1/2-1/2

[Event "C.to Regionale Lazio"]
[Site "Roma ITA"]
[Date "1998.??.??"]
[Round "1"]
[White "Piancatelli, Marco"]
[Black "Pezzaldi, Roberto"]
[Result "1-0"]
[WhiteElo "1822"]
[BlackElo "2095"]
[PlyCount "137"]
[EventDate "1998.??.??"]

1. e4 e6 2. d4 d5 3. e5 c5 4. c3 Nc6 5. Nf3 Qb6 6. Bd3 Bd7 7. O-O cxd4 8. cxd4
Nxd4 9. Nxd4 Qxd4 10. Nc3 Qxe5 11. Re1 Qb8 12. Nxd5 Bd6 13. Qg4 Kf8 14. g3 f5
15. Qf3 exd5 16. Bxf5 Bxf5 17. Qxf5+ Nf6 18. Bg5 Qc8 19. Re6 Kf7 20. Rxf6+ gxf6
21. Qxf6+ Kg8 22. Qxd6 Qc6 23. Qxc6 bxc6 24. Bf6 Kf7 25. Bxh8 Rxh8 26. Rc1 Rc8
27. Rc5 Ke6 28. Kf1 Kd6 29. b4 Re8 30. Rc2 d4 31. Re2 Rb8 32. a3 a5 33. Rb2 Kd5
34. Ke2 axb4 35. axb4 c5 36. b5 Rb6 37. f4 c4 38. f5 c3 39. Rb4 Kc5 40. Ra4
Rxb5 41. Kd3 Kb6 42. Rxd4 Rxf5 43. Kxc3 Kc5 44. Rh4 h5 45. Kd3 Kd5 46. Ke3 Ke5
47. Ra4 Ke6 48. Ra6+ Kf7 49. Ke4 Rf2 50. h4 Kg7 51. Ra5 Kg6 52. Rg5+ Kh6 53.
Rf5 Re2+ 54. Kf4 Re6 55. Rf8 Ra6 56. Re8 Kg6 57. Rg8+ Kh6 58. Rc8 Kg6 59. Rg8+
Kh6 60. Rd8 Kg6 61. Rd5 Rf6+ 62. Ke4 Re6+ 63. Kd4 Ra6 64. Ke5 Rb6 65. Rd6+ Rxd6
66. Kxd6 Kf5 67. Ke7 Kg4 68. Kf6 Kxg3 69. Kg5 1-0

[Event "C.to Regionale Lazio"]
[Site "Roma ITA"]
[Date "1998.??.??"]
[Round "1"]
[White "Russi, Roberto"]
[Black "Simeoni, Matteo"]
[Result "0-1"]
[WhiteElo "1780"]
[BlackElo "2035"]
[PlyCount "82"]
[EventDate "1998.??.??"]

1. c4 f5 2. Nc3 Nf6 3. Nf3 e6 4. d4 Bb4 5. Bg5 O-O 6. Qc2 d6 7. a3 Bxc3+ 8.
Qxc3 Qe8 9. Bxf6 Rxf6 10. e3 Nd7 11. Be2 Rg6 12. g3 Nf6 13. Nd2 Bd7 14. f3 Rh6
15. b4 Nh5 16. O-O-O Nf6 17. Kb2 Qe7 18. Rdf1 Be8 19. Bd3 Nd7 20. e4 fxe4 21.
fxe4 Nb6 22. Kb1 Na4 23. Qc2 c5 24. b5 Nb6 25. d5 a6 26. a4 axb5 27. axb5 Na4
28. Rf2 Rf6 29. Re2 Bh5 30. Ree1 Rf2 31. Ref1 Rxf1+ 32. Rxf1 exd5 33. Rf5 Bg6
34. Rxd5 Qf6 35. e5 dxe5 36. Bxg6 hxg6 37. Kc1 Nb6 38. Rd3 Qf2 39. Ne4 Ra1+ 40.
Kb2 Ra2+ 41. Kb3 Qxc2# 0-1

[Event "C.to Regionale Lazio"]
[Site "Roma ITA"]
[Date "1998.??.??"]
[Round "1"]
[White "Scacco, Mauro"]
[Black "Gardon, Ermanno"]
[Result "0-1"]
[WhiteElo "2050"]
[BlackElo "1818"]
[PlyCount "91"]
[EventDate "1998.??.??"]

1. d4 Nf6 2. c4 c5 3. d5 b5 4. g3 Bb7 5. Bg2 e6 6. Nc3 b4 7. Ne4 Nxe4 8. Bxe4
Be7 9. h4 d6 10. Nh3 f5 11. Bf3 e5 12. Bh5+ g6 13. e4 fxe4 14. Bg4 Bc8 15. Bh6
Nd7 16. h5 Nf6 17. Bxc8 Qxc8 18. Bg7 Rg8 19. h6 Nh5 20. Qa4+ Qd7 21. Qc2 Qg4
22. Qe2 Qxe2+ 23. Kxe2 Nxg7 24. hxg7 Kf7 25. Ke3 Kxg7 26. Kxe4 Rgf8 27. a3 Rfb8
28. b3 bxa3 29. Rxa3 Rb4 30. f4 Bf6 31. g4 Kg8 32. fxe5 Bxe5 33. Ng5 a5 34. Ne6
Bb2 35. Ra2 Be5 36. Nxc5 Re8 37. Ne6 Rxb3 38. Rxa5 Rg3 39. g5 Rc8 40. c5 Rg4+
41. Kf3 Rg3+ 42. Kf2 dxc5 43. Ra7 c4 44. Rhxh7 c3 45. d6 c2 46. Rac7 0-1

[Event "C.to Regionale Lazio"]
[Site "Roma ITA"]
[Date "1998.??.??"]
[Round "1"]
[White "Tribuiani, Renato"]
[Black "Tinari, Marco"]
[Result "1-0"]
[WhiteElo "2115"]
[BlackElo "1860"]
[PlyCount "105"]
[EventDate "1998.??.??"]

1. e4 d6 2. d4 g6 3. h4 Bg7 4. h5 e5 5. d5 a6 6. Nc3 Nd7 7. Be2 Nh6 8. Nf3 Nb6
9. Bg5 f6 10. Be3 Bg4 11. Qd2 Bxf3 12. gxf3 g5 13. a4 Nf7 14. Bf1 Qe7 15. Bh3
Nc4 16. Qd3 Nxe3 17. fxe3 h6 18. Ne2 O-O 19. Kd2 Qe8 20. Qc4 Qd8 21. Ra3 b6 22.
Rc3 Ra7 23. Ng3 Qb8 24. Nf5 Re8 25. Qc6 Kf8 26. Ra1 Qa8 27. Qc4 Qb8 28. Qe2 Nd8
29. Qg2 Nf7 30. Qg4 Qd8 31. Ng3 Qe7 32. Qd7 Qxd7 33. Bxd7 Re7 34. Bc6 Nd8 35.
Nf5 Nxc6 36. Rxc6 Rd7 37. Ra3 Kf7 38. a5 b5 39. Rb3 Rd8 40. c4 Rb8 41. Kc3 Bf8
42. cxb5 axb5 43. Kb4 Ke8 44. a6 Kd7 45. Ka5 b4 46. Rxb4 Rba8 47. Rbc4 Rb8 48.
b4 Kd8 49. b5 Rba8 50. Rxc7 Rxc7 51. Rxc7 Kxc7 52. b6+ Kb8 53. b7 1-0

[Event "C.to Regionale Lazio"]
[Site "Roma ITA"]
[Date "1998.??.??"]
[Round "2"]
[White "Ciotoli, Patrizio"]
[Black "De Carolis, Massimo"]
[Result "0-1"]
[WhiteElo "1914"]
[BlackElo "1705"]
[PlyCount "129"]
[EventDate "1998.??.??"]

1. e4 e6 2. Nc3 d5 3. exd5 exd5 4. d4 Nf6 5. Bd3 Be7 6. Nge2 O-O 7. h3 c5 8.
dxc5 Bxc5 9. O-O Nc6 10. Bg5 Be6 11. Nf4 Be7 12. Re1 Qd7 13. Bxf6 Bxf6 14.
Nfxd5 Bxd5 15. Nxd5 Qd8 16. Nxf6+ Qxf6 17. c3 Rad8 18. Qc2 g6 19. Be4 Na5 20.
Rad1 b6 21. b3 Rfe8 22. Bf3 Rxe1+ 23. Rxe1 Rc8 24. c4 Nc6 25. Bxc6 Rxc6 26. Qe4
Re6 27. Qa8+ Kg7 28. Rxe6 Qxe6 29. Qf3 Qe5 30. a4 a5 31. g3 Qd4 32. Kg2 Qe5 33.
Qc6 Qd4 34. h4 h5 35. Qf3 Qb2 36. Qe3 Qf6 37. Kh2 Qd6 38. Kg2 Qf6 39. Kf1 Qa1+
40. Kg2 Qb2 41. Kf3 Qf6+ 42. Ke4 Qf5+ 43. Kd4 Qc5+ 44. Kc3 Qb4+ 45. Kc2 Qd6 46.
Qd3 Qc5 47. Qd2 Kh7 48. Qf4 Kg8 49. Qf6 Qb4 50. Qe5 Kh7 51. Qe3 Kg8 52. Kd1
Qd6+ 53. Ke2 Kg7 54. Kf3 Qf6+ 55. Kg2 Qd6 56. f3 Qb4 57. g4 hxg4 58. fxg4 Qd6
59. g5 Qc6+ 60. Kf2 Qd6 61. Kf3 Qb4 62. Kf4 Kh7 63. Kg4 Qd6 64. h5 Qd1+ 65. Kh4
{...} 0-1

[Event "C.to Regionale Lazio"]
[Site "Roma ITA"]
[Date "1998.??.??"]
[Round "2"]
[White "Ferri, Stefano"]
[Black "Lavieri, Doriano"]
[Result "1/2-1/2"]
[WhiteElo "1930"]
[BlackElo "1903"]
[PlyCount "79"]
[EventDate "1998.??.??"]

1. e4 c6 2. d4 d5 3. Nd2 dxe4 4. Nxe4 Bf5 5. Ng3 Bg6 6. Nf3 Nd7 7. h4 h6 8. h5
Bh7 9. Bd3 Bxd3 10. Qxd3 e6 11. Bd2 Qc7 12. O-O-O Ngf6 13. c4 O-O-O 14. Kb1 c5
15. Qe2 Bd6 16. Ne4 Nxe4 17. Qxe4 Nf6 18. Qe2 Rhe8 19. Rh4 e5 20. dxe5 Bxe5 21.
Nxe5 Qxe5 22. Qf3 Qe2 23. Qf5+ Kb8 24. Bf4+ Ka8 25. Rxd8+ Rxd8 26. Bc1 b6 27.
a3 Qd1 28. Qc2 Qf1 29. f3 Rd1 30. b3 Kb7 31. Rf4 Re1 32. g3 Re2 33. Qc3 Rg2 34.
g4 Qf2 35. Bb2 Rg1+ 36. Bc1 Rg2 37. Bb2 Rg1+ 38. Bc1 Rg2 39. Bb2 Rg1+ 40. Ka2
1/2-1/2

[Event "C.to Regionale Lazio"]
[Site "Roma ITA"]
[Date "1998.??.??"]
[Round "2"]
[White "Gardon, Ermanno"]
[Black "Tribuiani, Renato"]
[Result "0-1"]
[WhiteElo "1818"]
[BlackElo "2115"]
[PlyCount "77"]
[EventDate "1998.??.??"]

1. e4 Nc6 2. d4 d5 3. Nc3 e6 4. Nf3 Nf6 5. e5 Ne4 6. Bd3 Bb4 7. Bd2 Nxd2 8.
Qxd2 Bd7 9. Qf4 Be7 10. Qg4 Kf8 11. a3 a6 12. Ne2 h5 13. Qg3 Na5 14. b3 Bb5 15.
Nd2 Bxd3 16. Qxd3 g6 17. O-O Kg7 18. Kh1 h4 19. f4 Rh5 20. Nf3 Qf8 21. Neg1 Nc6
22. Nh3 Bd8 23. c4 Ne7 24. Nhg5 c6 25. Rac1 Nf5 26. Nh3 Qxa3 27. cxd5 cxd5 28.
Rc2 Rh8 29. Rfc1 Bb6 30. Nf2 Qb4 31. Rd1 Rac8 32. Ng4 Rxc2 33. Qxc2 Qb5 34. Kg1
Qb4 35. Nf6 Bxd4+ 36. Nxd4 Nxd4 37. Qc7 Nf5 38. Rb1 Qd4+ 39. Kh1 0-1

[Event "C.to Regionale Lazio"]
[Site "Roma ITA"]
[Date "1998.??.??"]
[Round "2"]
[White "Pezzaldi, Roberto"]
[Black "Iatrino, Vincenzo"]
[Result "1-0"]
[WhiteElo "2095"]
[BlackElo "1740"]
[PlyCount "99"]
[EventDate "1998.??.??"]

1. c4 f5 2. Nc3 e6 3. g3 Nf6 4. Bg2 Be7 5. Nf3 O-O 6. d4 d5 7. O-O c6 8. b3 Qe8
9. Ne5 Nbd7 10. Nxd7 Bxd7 11. f3 Qg6 12. Qd3 Bd6 13. f4 h5 14. Kh1 Kf7 15. h4
Ne4 16. Nxe4 fxe4 17. Qe3 Kg8 18. Bd2 Rf6 19. Bh3 Raf8 20. Qg1 Qf7 21. e3 Rg6
22. Kh2 Be7 23. Qf2 Rf6 24. c5 Bd8 25. Qe2 Bc7 26. b4 a6 27. a4 g6 28. Bc3 Qe7
29. Rg1 Kh7 30. Qb2 R6f7 31. Bf1 Ra8 32. Be2 Rff8 33. b5 Rfb8 34. b6 Bd8 35.
Kg2 Qf6 36. g4 hxg4 37. Bxg4 Kg7 38. h5 Be7 39. Kf1 Kf7 40. hxg6+ Qxg6 41. Qg2
Rg8 42. Ke2 Raf8 43. Raf1 Bf6 44. Qh3 Ke7 45. Qg3 Rh8 46. f5 exf5 47. Qd6+ Ke8
48. Qb8+ Kf7 49. Qxb7 Rh2+ 50. Kd1 1-0

[Event "C.to Regionale Lazio"]
[Site "Roma ITA"]
[Date "1998.??.??"]
[Round "2"]
[White "Simeoni, Matteo"]
[Black "Piancatelli, Marco"]
[Result "0-1"]
[WhiteElo "2035"]
[BlackElo "1822"]
[PlyCount "136"]
[EventDate "1998.??.??"]

1. e4 c6 2. Nc3 d5 3. Nf3 dxe4 4. Nxe4 Nf6 5. Nxf6+ exf6 6. Bc4 Bd6 7. O-O O-O
8. d4 Bg4 9. h3 Bh5 10. Bd3 Qc7 11. g4 Bg6 12. Nh4 Re8 13. Bxg6 hxg6 14. Qf3
Qe7 15. Ng2 Qe4 16. Qb3 Nd7 17. Re1 Qd5 18. Be3 Qxb3 19. axb3 Nb6 20. c4 Bb4
21. Red1 Red8 22. Nf4 Bd6 23. Ne2 Bf8 24. Kg2 f5 25. Ra5 fxg4 26. hxg4 Bb4 27.
Ra2 Kf8 28. Rh1 Nd7 29. Nf4 Bd6 30. Raa1 Bxf4 31. Bxf4 Nf6 32. Bg5 Ke7 33.
Rae1+ Kd7 34. f3 Re8 35. Kg3 a6 36. Re5 Re6 37. Rhe1 Rae8 38. Rxe6 Rxe6 39.
Rxe6 Kxe6 40. Bd2 Nd7 41. Kf4 Nb6 42. Be3 Nd7 43. Bd2 Nb6 44. Be3 Nc8 45. Kg5
b5 46. f4 Nd6 47. cxb5 axb5 48. f5+ gxf5 49. gxf5+ Nxf5 50. Bf2 g6 51. Bg1 Kd5
52. Kf6 Nxd4 53. Kxf7 g5 54. Kf6 Nf3 55. Bf2 Nd2 56. Be3 Nxb3 57. Bxg5 Na5 58.
Kf5 Nc4 59. Bc1 b4 60. Kf4 Kd4 61. Kf3 Kd3 62. b3 Na5 63. Bg5 Nxb3 64. Be7 c5
65. Kf2 Nd2 66. Ke1 b3 67. Bf6 Kc2 68. Ke2 c4 0-1

[Event "C.to Regionale Lazio"]
[Site "Roma ITA"]
[Date "1998.??.??"]
[Round "2"]
[White "Tinari, Marco"]
[Black "Russi, Roberto"]
[Result "1-0"]
[WhiteElo "1860"]
[BlackElo "1780"]
[PlyCount "45"]
[EventDate "1998.??.??"]

1. c4 g6 2. Nc3 Bg7 3. g3 e5 4. Bg2 d6 5. e3 c6 6. Nge2 f5 7. b3 Nf6 8. Bb2 Be6
9. d4 Bf7 10. dxe5 dxe5 11. Qxd8+ Kxd8 12. Na4 Nfd7 13. Rd1 Kc7 14. O-O Na6 15.
e4 Rhe8 16. f4 Be6 17. fxe5 Bxe5 18. Nd4 fxe4 19. Nxe6+ Rxe6 20. Rf7 Rd8 21.
Bh3 Rde8 22. Bxe5+ Rxe5 23. Rdxd7+ 1-0

[Event "C.to Regionale Lazio"]
[Site "Roma ITA"]
[Date "1998.??.??"]
[Round "3"]
[White "Ciotoli, Patrizio"]
[Black "Verrascina, Nicola"]
[Result "1-0"]
[WhiteElo "1914"]
[BlackElo "2145"]
[PlyCount "97"]
[EventDate "1998.??.??"]

1. e4 d5 2. exd5 Nf6 3. Nc3 Nxd5 4. Bc4 Nb6 5. Bb3 Nc6 6. Nf3 Bf5 7. O-O e6 8.
d4 Be7 9. d5 exd5 10. Nxd5 Nxd5 11. Bxd5 O-O 12. Bxc6 bxc6 13. Nd4 Bd7 14. Qf3
Bd6 15. Bf4 Qf6 16. Bxd6 Qxf3 17. Nxf3 cxd6 18. Rad1 d5 19. Ne5 Be8 20. Rfe1
Rb8 21. Nd3 f6 22. Re7 Bg6 23. b3 Bxd3 24. Rxd3 Rbe8 25. Rde3 Rxe7 26. Rxe7 Rf7
27. Re8+ Rf8 28. Re6 c5 29. Rd6 d4 30. Rc6 Re8 31. Kf1 Re5 32. Rc8+ Kf7 33.
Rc7+ Kg6 34. Rxa7 h5 35. Rc7 h4 36. h3 f5 37. a4 Kf6 38. a5 g6 39. Rc6+ Ke7 40.
a6 Kd7 41. a7 Re8 42. Rxc5 Kd6 43. Ra5 Ra8 44. Ke2 Kc6 45. Kd3 Kb7 46. Kxd4
Rd8+ 47. Ke3 Ka8 48. c4 g5 49. Rxf5 1-0

[Event "C.to Regionale Lazio"]
[Site "Roma ITA"]
[Date "1998.??.??"]
[Round "3"]
[White "De Carolis, Massimo"]
[Black "Marta, Daniele"]
[Result "1/2-1/2"]
[WhiteElo "1705"]
[BlackElo "1888"]
[PlyCount "64"]
[EventDate "1998.??.??"]

1. d4 Nf6 2. Nf3 g6 3. Bf4 Bg7 4. h3 O-O 5. e3 d6 6. Bd3 Nc6 7. c3 Re8 8. Bg5
e5 9. Nbd2 h6 10. Bxf6 Qxf6 11. d5 Nb8 12. O-O Qe7 13. e4 Nd7 14. b4 Rf8 15.
Qc2 Nf6 16. c4 Nh5 17. Rfe1 f5 18. c5 f4 19. cxd6 cxd6 20. Rac1 Rf7 21. Qa4 g5
22. Rc2 g4 23. hxg4 Bxg4 24. Rec1 Bf8 25. Rc7 Qxc7 26. Rxc7 Rxc7 27. Nh4 Nf6
28. f3 Bd7 29. Bb5 Bxb5 30. Qxb5 Rac8 31. Qa5 Rc1+ 32. Kh2 R1c2 1/2-1/2

[Event "C.to Regionale Lazio"]
[Site "Roma ITA"]
[Date "1998.??.??"]
[Round "3"]
[White "De Luca, Stefano"]
[Black "Ferri, Stefano"]
[Result "0-1"]
[WhiteElo "1600"]
[BlackElo "1930"]
[PlyCount "23"]
[EventDate "1998.??.??"]

1. e4 c5 2. Nf3 Nf6 3. Nc3 e6 4. d4 cxd4 5. Nxd4 Bb4 6. Bg5 Bxc3+ 7. bxc3 Qa5
8. Bxf6 Qxc3+ 9. Ke2 gxf6 10. Nb5 Qe5 11. Nd6+ Ke7 12. f3 0-1

[Event "C.to Regionale Lazio"]
[Site "Roma ITA"]
[Date "1998.??.??"]
[Round "3"]
[White "Gardon, Ermanno"]
[Black "Simeoni, Matteo"]
[Result "1-0"]
[WhiteElo "1818"]
[BlackElo "2035"]
[PlyCount "94"]
[EventDate "1998.??.??"]

1. e4 c5 2. Nf3 d6 3. d4 Nf6 4. Nc3 cxd4 5. Nxd4 a6 6. f4 e5 7. Nf3 Nbd7 8. Bd3
b5 9. a3 Bb7 10. O-O Rc8 11. Qe1 Be7 12. Kh1 Qc7 13. Nh4 g6 14. f5 g5 15. Bxg5
Rg8 16. Nf3 Qd8 17. Qh4 d5 18. exd5 Nxd5 19. Bxe7 Qxe7 20. Qxe7+ Nxe7 21. Ne4
Nxf5 22. Nxe5 Nc5 23. Nxf7 Nxe4 24. Rxf5 Kd7 25. Nh6 Rg7 26. Kg1 Nd6 27. Rf2
Rc5 28. Rd1 Kc7 29. Re1 Kd7 30. g3 Rcg5 31. Nf5 Nxf5 32. Rxf5 Rg4 33. Rh5 Rd4
34. Rxh7 Rxh7 35. Bxh7 Rd2 36. Bf5+ Kd6 37. g4 Rg2+ 38. Kf1 Rxh2 39. Re2 Rh1+
40. Kf2 Rh2+ 41. Ke3 Rh4 42. Kf4 Rh3 43. Rd2+ Kc5 44. g5 Rf3+ 45. Ke5 a5 46. g6
Rg3 47. Kf6 Bd5 1-0

[Event "C.to Regionale Lazio"]
[Site "Roma ITA"]
[Date "1998.??.??"]
[Round "3"]
[White "Iatrino, Vincenzo"]
[Black "Russi, Roberto"]
[Result "0-1"]
[WhiteElo "1740"]
[BlackElo "1780"]
[PlyCount "112"]
[EventDate "1998.??.??"]

1. e4 g6 2. d4 Bg7 3. Nc3 c6 4. f4 d5 5. e5 h5 6. Nf3 Nh6 7. Bd3 Bg4 8. h3 Bf5
9. Be3 e6 10. Qe2 Bxd3 11. Qxd3 Nf5 12. Bf2 h4 13. Nh2 Qb6 14. O-O-O Nd7 15.
Ng4 Bh6 16. Nxh6 Rxh6 17. Ne2 Qa5 18. Kb1 O-O-O 19. g4 hxg3 20. Nxg3 Nxg3 21.
Qxg3 Rdh8 22. Rd3 Qd8 23. Ra3 Kb8 24. Qc3 Rh5 25. h4 Rf5 26. Bg3 Qc7 27. Qb4
Rc8 28. Qa4 b5 29. Qb4 Kb7 30. Rf1 Ra8 31. Ra5 a6 32. Rf3 c5 33. dxc5 Qxc5 34.
Qe1 Nb6 35. Rc3 Qd4 36. Rd3 Qe4 37. Re3 Qd4 38. b3 Rc8 39. c3 Qc5 40. a4 d4 41.
cxd4 Qc2+ 42. Ka1 Nd5 43. axb5 Nxe3 44. bxa6+ Ka7 45. Qxe3 Rc3 46. Qg1 Qc1+ 47.
Qxc1 Rxc1+ 48. Kb2 Rg1 49. d5 Rxg3 50. d6 Rxf4 51. Rc5 Rd4 52. Rc7+ Kxa6 53.
Rxf7 Re3 54. Rf6 Rxe5 55. Rxg6 Rxd6 56. Rg8 Rh5 0-1

[Event "C.to Regionale Lazio"]
[Site "Roma ITA"]
[Date "1998.??.??"]
[Round "3"]
[White "Lavieri, Doriano"]
[Black "Scacco, Mauro"]
[Result "1-0"]
[WhiteElo "1903"]
[BlackElo "2050"]
[PlyCount "66"]
[EventDate "1998.??.??"]

1. d4 Nf6 2. c4 e6 3. Nf3 Bb4+ 4. Bd2 Qe7 5. Nc3 O-O 6. Qc2 b6 7. g3 Bb7 8. Bg2
c5 9. O-O Bxc3 10. Bxc3 Be4 11. Qa4 Bc6 12. Qa3 d6 13. b4 Nbd7 14. Rfd1 Ne4 15.
Bb2 f5 16. e3 Ndf6 17. dxc5 bxc5 18. bxc5 Nxc5 19. Bxf6 Rxf6 20. Nd4 Bxg2 21.
Kxg2 h5 22. Nb5 d5 23. Rac1 dxc4 24. Rxc4 Qb7+ 25. Kg1 Qf3 26. Rdc1 Ne4 27.
R4c2 Rd8 28. Qa4 h4 29. Qc4 hxg3 30. fxg3 Qxe3+ 31. Kh1 Rh6 32. Qc7 Rd2 33.
Rxd2 Qxd2 1-0

[Event "C.to Regionale Lazio"]
[Site "Roma ITA"]
[Date "1998.??.??"]
[Round "3"]
[White "Tinari, Marco"]
[Black "Pezzaldi, Roberto"]
[Result "1-0"]
[WhiteElo "1860"]
[BlackElo "2095"]
[PlyCount "33"]
[EventDate "1998.??.??"]

1. c4 e6 2. Nc3 f5 3. e4 fxe4 4. Nxe4 d5 5. Qh5+ g6 6. Qe5 dxe4 7. Qxh8 Nf6 8.
b3 Kf7 9. Ba3 Nbd7 10. Nh3 Ng4 11. Be2 Qh4 12. Bxf8 Nxf8 13. Bxg4 Qxg4 14. Qe5
Qxg2 15. Ng5+ Ke7 16. O-O-O Nd7 17. Qxe6+ 1-0

[Event "C.to Regionale Lazio"]
[Site "Roma ITA"]
[Date "1998.??.??"]
[Round "3"]
[White "Tribuiani, Renato"]
[Black "Piancatelli, Marco"]
[Result "1/2-1/2"]
[WhiteElo "2115"]
[BlackElo "1822"]
[PlyCount "45"]
[EventDate "1998.??.??"]

1. e4 c6 2. d4 d5 3. e5 Bf5 4. g4 Bg6 5. h4 h5 6. g5 e6 7. Bd3 Bxd3 8. Qxd3 Ne7
9. Ne2 g6 10. Ng3 Qa5+ 11. Nc3 Qa6 12. Be3 Qxd3 13. cxd3 Nf5 14. Nxf5 exf5 15.
Na4 Na6 16. Ke2 Kd7 17. f4 Be7 18. a3 Nc7 19. Bd2 Ne6 20. Ke3 Rhc8 21. b4 b5
22. Nc5+ Bxc5 23. bxc5 1/2-1/2